A guide for spiritual aspirants

Bibliographic Details
Main Authors: Waris Hassan, Syed (Author), Zauqi, Mohammad (Author)
Format: Book
Published: Kuala Lumpur : A. S. Noordeen , 1990
Subjects:

MARC

LEADER 00000cam a2200000 7i4500
001 0000004616
005 20040315093000.0
008 021118s1990
020 |a 9679963446 
090 0 0 |a BP166.2   |b .W3 
100 0 |a Waris Hassan, Syed ,   |e author 
245 1 2 |a A guide for spiritual aspirants   |c Hadrat Maulana Shah Waris Hassan   |f disunting oleh His Khalifa, Hadrat Maulana Syed Mohammad Zauqi Shah 
260 2 |a Kuala Lumpur :   |b A. S. Noordeen ,   |c 1990 
300 |a 77 p. ;   |c 22 cm. 
650 0 |a Islam 
650 0 |a Islam   |x Doctrines 
700 1 |a Zauqi, Mohammad ,   |e author 
999 |a 1000006246   |b Book   |c OPEN SHELF (30 DAYS)   |e Gong Badak Campus